| 000 | 00905cam a22002653u 4500 | ||
|---|---|---|---|
| 001 | 11353068 | ||
| 003 | OSt | ||
| 005 | 20170105113052.0 | ||
| 006 | m d | ||
| 007 | cr n | ||
| 008 | 150401s2010 ||||||||s|||||||| ||||| d | ||
| 020 | _a9780070680739 | ||
| 020 | _a0070680736 | ||
| 035 | _a(WaSeSS)ssib020868181 | ||
| 040 |
_aWaSeSS _cWaSeSS _dWaSeSS _erda |
||
| 100 | 1 | _aPrakash Hiralal Joshi, DME, AMIE (India) | |
| 210 | 1 | 0 | _aJigs and Fixtures, Third Edition / |
| 245 | 1 | 0 |
_aJigs and Fixtures, Third Edition / _cPrakash Hiralal Joshi, DME, AMIE (India) |
| 500 | _aTitle from content provider. | ||
| 506 | _aLicense restrictions may limit access. | ||
| 773 | 0 | _tAccessEngineering | |
| 856 | 4 | 0 |
_uhttp://www.columbia.edu/cgi-bin/cul/resolve?clio11353068 _zFull text available from AccessEngineering |
| 910 | _aSerials Solutions supplemental brief record | ||
| 942 |
_2ddc _cBK |
||
| 999 |
_c32726 _d32726 |
||